LIBRARY & INFORMATION CENTRE, KCAET, TAVANUR

ONLINE PUBLIC ACCESS CATALOGUE (OPAC)

Ramaraja Bahadur / (Record no. 4269)

MARC details
000 -LEADER
fixed length control field 00436cam a2200169ua 4500
041 ## - LANGUAGE CODE
Language code of text/sound track or separate title mal
082 ## - DEWEY DECIMAL CLASSIFICATION NUMBER
Classification number 894.812308
Item number RAM/RA
100 ## - MAIN ENTRY--AUTHOR NAME
Personal name Raman Pillai, C V .
245 ## - TITLE STATEMENT
Title Ramaraja Bahadur /
260 ## - PUBLICATION, DISTRIBUTION, ETC. (IMPRINT)
Place of publication Thiruvananthapuram :
Name of publisher B V Book Depot & Printing Works ,
Year of publication 1984.
300 ## - PHYSICAL DESCRIPTION
Number of Pages 337 ; .
942 ## - ADDED ENTRY ELEMENTS (KOHA)
Koha item type Books
Holdings
Withdrawn status Lost status Damaged status Home library Current library Date acquired Full call number Accession Number Koha item type
Withdrawn     KAUAET Malayalam University 07/04/2012 894.812308 9348 Books
free website counter